Questions and answers on the Federal Reserve system. (Record no. 18316)

MARC details
000 -LEADER
fixed length control field 00650cam a22002171 4500
001 - CONTROL NUMBER
control field ca 36001540
003 - CONTROL NUMBER IDENTIFIER
control field DLC
005 - DATE AND TIME OF LATEST TRANSACTION
control field 20260227111144.0
008 - FIXED-LENGTH DATA ELEMENTS--GENERAL INFORMATION
fixed length control field 830418s1920 vauk 000 0 eng
010 ## - LIBRARY OF CONGRESS CONTROL NUMBER
LC control number ca 36001540
035 ## - SYSTEM CONTROL NUMBER
System control number (OCoLC)9421003
040 ## - CATALOGING SOURCE
Original cataloging agency DLC
Transcribing agency Vi
Modifying agency Vi
-- OCoLC
-- DLC
042 ## - AUTHENTICATION CODE
Authentication code premarc
050 00 - LIBRARY OF CONGRESS CALL NUMBER
Classification number HG2563
Item number .F45 1920
082 ## - DEWEY DECIMAL CLASSIFICATION NUMBER
Classification number 332.110973
110 2# - MAIN ENTRY--CORPORATE NAME
Corporate name or jurisdiction name as entry element Federal Reserve Bank of Richmond.
245 10 - TITLE STATEMENT
Title Questions and answers on the Federal Reserve system.
260 ## - PUBLICATION, DISTRIBUTION, ETC.
Place of publication, distribution, etc. Richmond, Va.,
Name of publisher, distributor, etc. Federal Reserve Bank of Richmond,
Date of publication, distribution, etc. 1920.
300 ## - PHYSICAL DESCRIPTION
Extent vi, 101 p.
Other physical details front., fold. form.
Dimensions 20 cm.
650 #0 - SUBJECT ADDED ENTRY--TOPICAL TERM
Topical term or geographic name entry element Federal Reserve banks.

No items available.

Powered by Koha